Kpop Music Video by Hints - Statistics

General Stats
  • This quiz has been taken 738 times
  • The average score is 4 of 20
Answer Stats
Hints Music Video % Correct
Miniature, cereal, jumping on bed Just Right
79%
Long hair, owl, gas masks Fantastic Baby
41%
Expensive car, lollipop, blue headphones Call Me Baby
31%
Old west, matador, red suits Mamacita
31%
Portuguese tattoo, fire, woman's face on billboard Eyes, Nose, Lips
27%
Clown masks, bank robbery, head on platter Very Good
27%
Hoverboards, on top of a building, circular formation Hero
20%
White dress shirts with tie, urinals, rose Boy in Luv
19%
Black and white, runway, smashing record cases I Am the Best
18%
Jungle, kaleidoscope images, brightly colored hair Happiness
17%
Monkeys, motorcycle, ugly baby head Doom Dada
16%
Horse stable, party bus, subway Gangnam Style
14%
Airplane, beach, floating in pool Party
14%
Running dramatically, broken mirror, deer Bad
13%
Monster hands, kisses, zombies Ooh Ahh
7%
Sailor dresses, baking, balloons No No No
5%
Therapist's office, growing nose, red suspenders Crayon
4%
Comic book style, guy pushed into pool, white Hummer Bubble Pop
3%
Sofa, balloons holding presents, typewriter Gotta Go to Work
1%
Chainlink fence, dry cleaner, riding bikes on track My Type
0%
No matching quizzes found
Score Distribution
Percent of People with Each Score
Percentile by Number Answered
Your Score History
You have not taken this quiz